| 000 | 00576nam a2200217 a 4500 | ||
|---|---|---|---|
| 001 | 80658 | ||
| 003 | BD-RjUL | ||
| 005 | 20221031111328.0 | ||
| 008 | 221031s1965 pk ||||| |||| 00| 0 eng d | ||
| 035 | _a(BD-RjUL)80658 | ||
| 040 |
_aBD-RjUL _beng _cBD-RjUL |
||
| 041 | _aeng | ||
| 082 |
_223 _a901 _bHAS 1965 |
||
| 100 |
_aHashmi, Anwar d _95571 |
||
| 245 |
_aA Short History of Civilization / _cAnwar hashmi |
||
| 260 |
_aKarachi : _bAnwar hashmi, _c1965 |
||
| 300 |
_avarious pages; _c18 cm. |
||
| 650 | _aCivilization | ||
| 650 |
_aWorld history _95572 |
||
| 942 |
_2ddc _cBK |
||
| 999 |
_c80658 _d80658 |
||